An essay on the foundations of geometry

Αποθηκεύτηκε σε:
Λεπτομέρειες βιβλιογραφικής εγγραφής
Κύριος συγγραφέας: Russell, Bertrand, 1872-1970
Μορφή: Βιβλίο
Γλώσσα:English
Δημοσίευση: New York : Dover Publications, c1956.
Θέματα:
Ετικέτες: Προσθήκη ετικέτας
Δεν υπάρχουν, Καταχωρήστε ετικέτα πρώτοι!

MARC

LEADER 00000cam a2200000 i 4500
001 1/74
008 090616s1956 nyu| ||| |||| ||eng||
035 |l 10105106 
040 |a GR-MyUa  |b gre  |e AACR2 
041 0 |a eng 
082 7 |a 516   |2 (22) 
100 1 |a Russell, Bertrand,   |d 1872-1970. 
245 1 3 |a An essay on the foundations of geometry /   |c by Bertrand A.W. Russell ; with a new foreword by Morris Kline. 
260 |a New York :   |b Dover Publications,   |c c1956. 
300 |a 201 σ. ;   |c 21 εκ. 
650 0 |a Geometry  |x Foundations. 
852 |a INST  |b SAMOS  |c MAG  |e 20090616  |h 516 RUS  |p 005300028573  |q 005300028573  |t BK  |y 0 
901 |a BIBL3-2009-2 
970 |a ΜΑΛΑΓΑΡΗ  |b ΦΩΤΕΙΝΗ  |z 2009/06/16